IX Asamblea General Ordinaria
Saved in:
| Corporate Author: | |
|---|---|
| Format: | Book |
| Language: | Spanish |
| Published: |
Santiago
Asociación Nacional de Aeronavegación Comercial ANACO A.G
1992
|
| Subjects: | |
| Tags: |
Add Tag
No Tags, Be the first to tag this record!
|
MARC
| LEADER | 00000nam a2200000 a 4500 | ||
|---|---|---|---|
| 001 | UCT9068 | ||
| 003 | CL-VaPUC | ||
| 008 | 970404e19920000CL |||||||||||||||||spa|d | ||
| 082 | 0 | 4 | |a 387 |b ASO |2 21 |
| 110 | 2 | |a Asociación Nacional de Aeronavegación Comercial ANACO A. G |e author |9 381470 | |
| 245 | 1 | 0 | |a IX Asamblea General Ordinaria |
| 300 | |a 49 p | ||
| 942 | |c BK | ||
| 945 | |d 19970404 00:00:00 |a amoreno | ||
| 260 | |a Santiago |b Asociación Nacional de Aeronavegación Comercial ANACO A.G |c 1992 | ||
| 650 | 0 | |a Aeronavegación |9 381471 | |
| 650 | 0 | |a Aeronáutica |9 265722 | |
| 650 | 7 | |a AVIACION |2 CL-VaPUC |9 358705 | |
| 583 | |a last modification |c 19970404 00:00:00 |k Rodrigo Vera | ||
| 999 | |c 257521 |d 257519 | ||
| 952 | |0 0 |1 0 |4 0 |6 387_000000000000000_ASO_1992 |7 0 |8 A |9 281029 |a BIBING |b BIBING |d 2019-11-19 |i 3289230 |o 387 ASO 1992 |p 3289230 |r 2025-01-20 |w 2019-11-19 |y BK |k ING | ||